| 000 | | | 03857nmc2a22002653x 450 |
| 001 | | | 8aecd01e-e5e1-4a28-8954-7b2e4bf2710a |
| 005 | | | 20250620170938.0 |
| 100 | ## | $a | 20241205l18391845k l0rusy0189 ca |
| 101 | 0# | $a | rus |
| | $a | fre |
| 102 | ## | $a | RU |
| 105 | ## | $a | y### |
| 122 | 2# | $a | d |
| 200 | 1# | $a | Дело о посвящении архитектором Модюи государю императору книги "Decouvertes dans la Froade" |
| | $j | 24 августа 1839 г. - 18 октября 1845 г. |
| 215 | ## | $a | 29 л. |
| | $d | 36,5х26 см |
| 251 | ## | $c | Дело |
| 300 | ## | $a | На русском и французском языках |
| 300 | ## | $a | На обложке имеются карандашные пометы |
| 300 | ## | $a | На обложке указано: "№97/98" |
| 371 | ## | $a | Документ не является опубликованным и широко распространяемым |
| 461 | #0 | $1 | 0012b5b8419-5ce4-4d16-a7a3-85720a295f1f |
| | $1 | 2001 |
| | $a | Канцелярия министра народного просвещения |
| | $1 | 251 |
| | $c | Фонд |
| | $1 | 852 |
| | $j | 735 |
| 462 | #0 | $1 | 001562cc287-b13c-4f02-8029-f81535ba1e2e |
| | $1 | 2001 |
| | $a | Канцелярия министра народного просвещения |
| | $1 | 251 |
| | $c | Опись |
| | $1 | 852 |
| | $j | 2 |
| 801 | #0 | $a | RU |
| | $b | РГИА |
| | $c | 20241205 |
| | $g | RCR |
| 801 | #1 | $a | RU |
| | $b | ГлавНИВЦ |
| | $c | 20241205 |
| | $2 | rusmarc |
| 801 | #2 | $a | RU |
| | $b | ПБ им. Б.Н. Ельцина |
| | $c | 20250620 |
| | $g | RCR |
| | $2 | rusmarc |
| 850 | ## | $a | РГИА |
| 852 | ## | $a | РГИА |
| | $e | Федеральное казенное учреждение "Российский государственный исторический архив" (РГИА) |
| | $j | 132 |
| 937 | ## | $h | РГИА |
| | $d | 12420809 |
| | $a | ASBIBLIO_SCAN |
| 035 | ## | $a | RusGRCC00082907 |
| 856 | ## | $u | http://readingroom.main.prlib.ru/item.aspx?id_node=n196814215&mode=full |